[Event "4NCL/Div2/SWD1 vs. WRO"]
[Site "Wokefield Park ENG"]
[Date "2008.03.02"]
[Round "8.5"]
[White "Zeidler, Sven P"]
[Black "Gayson, Peter M"]
[Result "1/2-1/2"]
[WhiteElo "2223"]
[BlackElo "2250"]
[PlyCount "125"]
[EventDate "2008.03.02"]
[EventType "team"]
[EventRounds "11"]
[EventCountry "ENG"]
[SourceDate "2007.09.15"]

1. e4 c5 2. Nc3 e6 3. f4 d5 4. Nf3 dxe4 5. Nxe4 Be7 6. g3 Nf6 7. Nf2 b6 8. Bg2
Bb7 9. O-O O-O 10. b3 Nc6 11. Bb2 Qc7 12. Re1 Rad8 13. Qe2 Nd7 14. Ng4 Rfe8 15.
Rad1 Nf8 16. Qc4 Qd7 17. f5 b5 18. fxe6 bxc4 19. exd7 Nxd7 20. Nfe5 Ncxe5 21.
Nxe5 Bxg2 22. Kxg2 Nxe5 23. Rxe5 Bd6 24. Rxe8+ Rxe8 25. Kf2 cxb3 26. axb3 Rb8
27. Ba3 Bf8 28. Re1 f6 29. Re3 Rb5 30. Re4 Ra5 31. Ra4 Rxa4 32. bxa4 Kf7 33.
Kf3 Ke6 34. c4 Bd6 35. g4 Ke5 36. Ke3 Ke6 37. Ke4 g6 38. h3 f5+ 39. gxf5+ gxf5+
40. Kf3 Ke5 41. Bb2+ Ke6 42. d3 Be5 43. Bc1 Bd4 44. Bd2 Bg1 {=} 45. Kf4 Kf6 46.
Bc3+ Ke6 47. Kg5 Be3+ 48. Kh5 a6 49. Bg7 Kf7 50. Be5 Ke6 51. Bb2 Kd6 52. Kh4
Ke6 53. Kg3 Bg1 54. Kf3 Kd6 55. Bg7 Ke6 56. Bh6 Bd4 57. Bf4 Bg1 58. Kg3 Kf6 59.
Kg2 Bd4 60. Kf3 Ke6 61. Bd2 Kf6 62. Bc1 Ke5 63. Bf4+ 1/2-1/2

[Event "4NCL/Div2/SWD1 vs. WRO"]
[Site "Wokefield Park ENG"]
[Date "2008.03.02"]
[Round "8.6"]
[White "Adams, David M"]
[Black "Spice, Alan"]
[Result "0-1"]
[WhiteElo "2203"]
[BlackElo "2144"]
[PlyCount "76"]
[EventDate "2008.03.02"]
[EventType "team"]
[EventRounds "11"]
[EventCountry "ENG"]
[SourceDate "2007.09.15"]

1. e4 e6 2. Nf3 d5 3. Nc3 Nf6 4. e5 Nfd7 5. d4 Be7 6. Ne2 c5 7. c3 Nc6 8. g3
O-O 9. Nf4 Qa5 10. a3 Nxd4 11. Nxd4 cxd4 12. b4 Qc7 13. cxd4 Qc3+ 14. Bd2 Qxd4
15. Be2 Nxe5 16. O-O Nc4 17. Ra2 e5 18. Ng2 Be6 19. Ne1 Nxd2 20. Rxd2 Qc3 21.
Rd3 Qc7 22. Rd2 a5 23. Nd3 Rfc8 24. Rb2 a4 25. Rb1 Qc3 26. f4 Bh3 27. Rf2 e4
28. Nc5 Rxc5 29. bxc5 Bxc5 30. Bf1 Bxf1 31. Kxf1 Bxf2 32. Kxf2 d4 33. Rxb7 e3+
34. Kg1 d3 35. Qxa4 Qe1+ 36. Kg2 Qf2+ 37. Kh3 Qf1+ 38. Kh4 g5+ 0-1

[Event "4NCL/Div2/SWD1 vs. WRO"]
[Site "Wokefield Park ENG"]
[Date "2008.03.02"]
[Round "8.7"]
[White "Trevelyan, John"]
[Black "Burnett, Jim"]
[Result "0-1"]
[WhiteElo "2185"]
[BlackElo "2187"]
[PlyCount "100"]
[EventDate "2008.03.02"]
[EventType "team"]
[EventRounds "11"]
[EventCountry "ENG"]
[SourceDate "2007.09.15"]

1. d4 d5 2. Nf3 c6 3. c4 e6 4. cxd5 exd5 5. Nc3 Bf5 6. Bg5 Qb6 7. Qd2 Nd7 8.
Na4 Qc7 9. Bf4 Bd6 10. Bxd6 Qxd6 11. e3 Ngf6 12. Be2 Ne4 13. Qc1 O-O 14. O-O
Rfe8 15. Nh4 Be6 16. f4 Qe7 17. Nf3 Bg4 18. Bd3 Bxf3 19. Rxf3 f5 20. Bxe4 Qxe4
21. Qd2 Qe7 22. Rc1 Qd6 23. Qc2 g6 24. Nc5 Nxc5 25. Qxc5 Qxc5 26. Rxc5 {=} a5
27. Rc3 Re7 28. Rf1 Kf7 29. Kf2 Ke6 30. Rfc1 Kd6 31. b3 h6 32. a3 g5 33. fxg5
hxg5 34. Rc5 Rh8 35. h3 Rf8 36. b4 axb4 37. axb4 f4 38. exf4 Rxf4+ 39. Kg1 Rxd4
40. b5 Rc7 41. Kf2 Rb4 42. bxc6 Rxc6 43. Rxc6+ bxc6 44. g3 c5 45. Rh1 Ke5 46.
h4 gxh4 47. gxh4 Kf4 48. Rc1 Rb2+ 49. Ke1 c4 50. Rd1 Ke4 0-1

[Event "4NCL/Div2/SWD1 vs. WRO"]
[Site "Wokefield Park ENG"]
[Date "2008.03.02"]
[Round "8.8"]
[White "Khakimova, Masura"]
[Black "Wilson, Julie"]
[Result "1/2-1/2"]
[WhiteElo "1978"]
[BlackElo "1935"]
[PlyCount "65"]
[EventDate "2008.03.02"]
[EventType "team"]
[EventRounds "11"]
[EventCountry "ENG"]
[SourceDate "2007.09.15"]

1. e4 e6 2. d4 d5 3. exd5 exd5 4. Bd3 Bd6 5. Nf3 Ne7 6. Bg5 f6 7. Bh4 O-O 8.
Nbd2 Bg4 9. c3 Qe8 10. O-O Nd7 11. Re1 Qh5 12. Qc2 Rae8 13. Bg3 Bxg3 14. hxg3
c5 15. dxc5 Nxc5 16. Bb5 Bd7 17. Bxd7 Nxd7 18. Nd4 f5 19. Ne6 Rf6 20. Nc7 Rh6
21. f3 Rc8 22. Kf2 f4 23. Rxe7 fxg3+ 24. Ke2 Rxc7 25. Qa4 Nf6 26. Rxc7 Qe5+ 27.
Kd3 Qxc7 28. Re1 Nd7 29. Qxa7 Nc5+ 30. Kc2 Ra6 31. Re8+ Kf7 32. Qb8 Qxb8 33.
Rxb8 1/2-1/2

[Event "4NCL/Div2/HKF2 vs. WES1"]
[Site "Wokefield Park ENG"]
[Date "2008.03.02"]
[Round "8.1"]
[White "Tavoularis, Nicholas"]
[Black "Corkett, Anthony R"]
[Result "1/2-1/2"]
[WhiteElo "2242"]
[BlackElo "2306"]
[PlyCount "115"]
[EventDate "2008.03.02"]
[EventType "team"]
[EventRounds "11"]
[EventCountry "ENG"]
[SourceDate "2007.09.15"]

1. c4 c5 2. Nf3 g6 3. g3 Bg7 4. Bg2 Nc6 5. Nc3 a6 6. a3 Rb8 7. Rb1 b5 8. cxb5
axb5 9. b4 cxb4 10. axb4 e5 11. d3 Nge7 12. O-O O-O 13. Ne4 d6 14. Bb2 h6 15.
Ba1 Be6 16. e3 f5 17. Nc3 g5 18. Re1 Qb6 19. Ne2 Ng6 20. d4 e4 21. Nd2 Nge7 22.
Nc3 Bf7 23. Rf1 d5 24. Re1 Nc8 25. Bf1 Nd6 26. Nb3 Nc4 27. Nc5 Rfd8 28. Bh3 Ne7
29. Bb2 Ra8 30. Qc2 Ra7 31. Ra1 Rda8 32. Rxa7 Rxa7 33. Ra1 f4 34. Rxa7 Qxa7 35.
Qc1 fxe3 36. fxe3 Nc6 37. Nxb5 Qb8 38. Na3 Qxb4 39. Nxc4 dxc4 40. Qc3 Qb5 41.
Nxe4 Qa4 42. Bf1 Qd1 43. Nf2 Qa4 44. Ne4 Qd1 45. Nd2 Ne7 46. Nxc4 Nd5 47. Qc1
Qb3 48. Kf2 Nf6 49. Ne5 Ne4+ 50. Kg1 Bxe5 51. dxe5 Be6 52. Bd4 g4 53. Qb2 Qxb2
54. Bxb2 Kf7 55. Bd4 h5 56. Bg2 Bd5 57. Kf1 Ke6 58. Bxe4 1/2-1/2

[Event "4NCL/Div2/HKF2 vs. WES1"]
[Site "Wokefield Park ENG"]
[Date "2008.03.02"]
[Round "8.2"]
[White "Upton, Ian J"]
[Black "Hagesaether, Arne"]
[Result "1/2-1/2"]
[WhiteElo "2260"]
[BlackElo "2166"]
[PlyCount "43"]
[EventDate "2008.03.02"]
[EventType "team"]
[EventRounds "11"]
[EventCountry "ENG"]
[SourceDate "2007.09.15"]

1. d4 d5 2. c4 c6 3. Nf3 Nf6 4. Qc2 g6 5. Nc3 a6 6. cxd5 cxd5 7. Bg5 Nbd7 8. e3
Bg7 9. Be2 O-O 10. O-O Re8 11. Rfd1 h6 12. Bh4 Nf8 13. Qb3 g5 14. Bg3 e6 15.
Ne5 N6d7 16. Nxd7 Nxd7 17. Rac1 f5 18. Na4 b5 19. Nc5 Nxc5 20. Rxc5 Bf8 21. Rc2
Bd6 22. Bxd6 1/2-1/2

[Event "4NCL/Div2/HKF2 vs. WES1"]
[Site "Wokefield Park ENG"]
[Date "2008.03.02"]
[Round "8.3"]
[White "Costley, Martin O"]
[Black "Allicock, Rawle A"]
[Result "0-1"]
[WhiteElo "2182"]
[BlackElo "2296"]
[PlyCount "64"]
[EventDate "2008.03.02"]
[EventType "team"]
[EventRounds "11"]
[EventCountry "ENG"]
[SourceDate "2007.09.15"]

1. d4 d5 2. c4 dxc4 3. Nc3 e5 4. e3 exd4 5. exd4 Nc6 6. Be3 Nf6 7. Bxc4 Bb4 8.
a3 Bxc3+ 9. bxc3 O-O 10. Ne2 Nd5 11. O-O Bg4 12. Qd2 Na5 13. Bxd5 Qxd5 14. Nf4
Qd6 15. Qa2 Qa6 16. h3 Bf5 17. Qd5 Bc2 18. Qg5 Rad8 19. d5 Nb3 20. Ra2 Be4 21.
h4 Qc4 22. h5 Rd6 23. Rb2 Qxc3 24. Rxb3 Qxb3 25. Bc5 Qc3 26. Bxd6 cxd6 27. f3
h6 28. Qg3 Bxd5 29. Nxd5 Qc5+ 30. Qf2 Qxd5 31. Qxa7 Re8 32. Rb1 Re2 0-1

[Event "4NCL/Div2/HKF2 vs. WES1"]
[Site "Wokefield Park ENG"]
[Date "2008.03.02"]
[Round "8.4"]
[White "Lock, Gavin R"]
[Black "Foord, Dominic"]
[Result "1-0"]
[WhiteElo "2213"]
[BlackElo "1995"]
[PlyCount "35"]
[EventDate "2008.03.02"]
[EventType "team"]
[EventRounds "11"]
[EventCountry "ENG"]
[SourceDate "2007.09.15"]

1. d4 d5 2. Nf3 Nf6 3. c4 e6 4. Nc3 c6 5. Bg5 h6 6. Bxf6 Qxf6 7. g3 a6 8. Bg2
Nd7 9. O-O g6 10. e4 dxe4 11. Nxe4 Qd8 12. d5 cxd5 13. cxd5 e5 14. Re1 Bg7 15.
Nd6+ Kf8 16. Rc1 f6 17. Nh4 Kg8 18. Nxc8 1-0

[Event "4NCL/Div2/HKF2 vs. WES1"]
[Site "Wokefield Park ENG"]
[Date "2008.03.02"]
[Round "8.5"]
[White "Alcock, Graham P"]
[Black "Simons, Martin J"]
[Result "0-1"]
[WhiteElo "1935"]
[BlackElo "2228"]
[PlyCount "68"]
[EventDate "2008.03.02"]
[EventType "team"]
[EventRounds "11"]
[EventCountry "ENG"]
[SourceDate "2007.09.15"]

1. e4 Nc6 2. Nf3 d5 3. exd5 Qxd5 4. Nc3 Qa5 5. h3 Nf6 6. Bc4 Ne5 7. Nxe5 Qxe5+
8. Qe2 Qxe2+ 9. Bxe2 Bf5 10. d3 c6 11. O-O g6 12. Bf3 Bg7 13. Re1 Be6 14. Ne4
Nxe4 15. Bxe4 O-O-O 16. Rb1 Bf6 17. b3 Bd5 18. Bb2 Bxb2 19. Rxb2 e6 20. c4 Bxe4
21. dxe4 Rd3 22. f3 Rhd8 23. Kf2 Kc7 24. Ree2 a5 25. Re3 {=} Rd1 26. Re1 R1d4
27. Ree2 Kb6 28. Re3 Kc5 29. Ke2 Kb4 30. e5 Rd1 31. a4 Ka3 32. Rc2 Rb1 33. Rcc3
Rb2+ 34. Ke1 Rdd2 0-1

[Event "4NCL/Div2/GUI3 vs. PPA1"]
[Site "Wokefield Park ENG"]
[Date "2008.03.02"]
[Round "8.1"]
[White "Tymrakiewicz, Rafal"]
[Black "Harley, Andrew"]
[Result "1-0"]
[WhiteElo "2273"]
[BlackElo "2223"]
[PlyCount "69"]
[EventDate "2008.03.02"]
[EventType "team"]
[EventRounds "11"]
[EventCountry "ENG"]
[SourceDate "2007.09.15"]

1. Nf3 Nf6 2. d4 e6 3. Bg5 c5 4. e3 cxd4 5. exd4 b6 6. Bd3 Bb7 7. O-O Be7 8.
Nbd2 O-O 9. Re1 d6 10. c4 h6 11. Bh4 Nc6 12. Rc1 Rc8 13. a3 d5 14. c5 bxc5 15.
dxc5 a5 16. Bb1 Nd7 17. Qc2 f5 18. Bxe7 Qxe7 19. b4 e5 20. b5 Na7 21. c6 Nxb5
22. Qb3 Bxc6 23. Rxc6 Rxc6 24. Qxd5+ Re6 25. Qxb5 Kh8 26. Qxa5 e4 {=} 27. Nd4
Re5 28. Qb4 Qg5 29. Nc4 Ree8 30. Qd6 Rf7 31. g3 Rc8 32. Ba2 Nf6 33. Ne6 Qh5 34.
Nf4 Ne8 35. Qe6 1-0

[Event "4NCL/Div2/GUI3 vs. PPA1"]
[Site "Wokefield Park ENG"]
[Date "2008.03.02"]
[Round "8.2"]
[White "Swanson, Stephen"]
[Black "Cooksey, Paul S"]
[Result "1/2-1/2"]
[WhiteElo "2242"]
[BlackElo "2258"]
[PlyCount "92"]
[EventDate "2008.03.02"]
[EventType "team"]
[EventRounds "11"]
[EventCountry "ENG"]
[SourceDate "2007.09.15"]

1. e4 c6 2. Nc3 d5 3. Nf3 Bg4 4. h3 Bxf3 5. Qxf3 e6 6. d3 Nd7 7. g3 g6 8. Bg2
Bg7 9. O-O Ne7 10. Qe2 O-O 11. Bd2 Re8 12. Kh2 b5 13. Rae1 b4 14. Nd1 a5 15. f4
Qb6 16. g4 dxe4 17. dxe4 Qb5 18. Qxb5 cxb5 19. e5 Rac8 20. c3 g5 21. cxb4 Rc2
22. Rf2 axb4 23. Be4 Rcc8 24. fxg5 Bxe5+ 25. Kg2 Bd6 26. Ref1 Ne5 27. Bf4 N7g6
28. Bxg6 fxg6 29. Bxe5 Bxe5 30. Re2 Bd4 31. Nf2 Bxf2 32. Rfxf2 Rc5 {=} 33. Rf4
Rxg5 34. Rxb4 Kf7 35. Rbe4 Rc5 36. a3 e5 37. g5 Ke6 38. b4 Rd5 39. h4 Kd6 40.
R4e3 Rd4 41. Kg3 {=} e4 42. Rc2 Rd3 43. Rxd3+ exd3 44. Rd2 Re3+ 45. Kf4 Rh3 46.
Kg4 Re3 1/2-1/2

[Event "4NCL/Div2/GUI3 vs. PPA1"]
[Site "Wokefield Park ENG"]
[Date "2008.03.02"]
[Round "8.3"]
[White "Granat, Russell G"]
[Black "Dunn, Andrew"]
[Result "1-0"]
[WhiteElo "2266"]
[BlackElo "2210"]
[PlyCount "69"]
[EventDate "2008.03.02"]
[EventType "team"]
[EventRounds "11"]
[EventCountry "ENG"]
[SourceDate "2007.09.15"]

1. e4 c6 2. d4 d5 3. exd5 cxd5 4. c4 Nf6 5. Nc3 Nc6 6. Nf3 Bg4 7. Be2 e6 8. c5
Be7 9. h3 Bh5 10. a3 Ne4 11. Bf4 O-O 12. Ne5 Nxc3 13. bxc3 Bxe2 14. Qxe2 Qa5
15. O-O Qxc3 16. Nxc6 bxc6 17. Be5 f6 18. Rfc1 Qa5 19. Bd6 Bxd6 20. Qxe6+ Kh8
21. cxd6 Qa4 22. d7 Qxd4 23. Qxc6 Rad8 24. Rab1 h6 25. Rb5 Qa4 26. Qxd5 Qxa3
27. Rbc5 Qa6 28. Re1 Qa4 29. Re7 Qa1+ 30. Kh2 Qb2 31. Rc4 Qxf2 32. Rg4 Rg8 33.
Qf7 Qb6 34. Rg3 Qc7 35. Re8 1-0

[Event "4NCL/Div2/GUI3 vs. PPA1"]
[Site "Wokefield Park ENG"]
[Date "2008.03.02"]
[Round "8.4"]
[White "Byway, Paul"]
[Black "Jackson, Adrian"]
[Result "1/2-1/2"]
[WhiteElo "2159"]
[BlackElo "2209"]
[PlyCount "67"]
[EventDate "2008.03.02"]
[EventType "team"]
[EventRounds "11"]
[EventCountry "ENG"]
[SourceDate "2007.09.15"]

1. d4 Nf6 2. Nf3 c5 3. e3 e6 4. c4 d5 5. Nc3 Nc6 6. a3 a6 7. Bd3 Be7 8. O-O O-O
9. dxc5 Bxc5 10. b4 dxc4 11. Bxc4 Bd6 12. Bb2 b5 13. Bd3 Bb7 14. Ne4 Nxe4 15.
Bxe4 f5 16. Bc2 Qe7 17. e4 Rad8 18. Qe2 f4 19. Bb3 Kh8 20. Rfd1 Bb8 21. Rxd8
Rxd8 22. Rd1 Rxd1+ 23. Qxd1 h6 24. h4 a5 25. Qd3 axb4 26. Qxb5 bxa3 27. Bxa3
Qxa3 28. Qxb7 Qd6 29. Qc8+ Kh7 30. Qxe6 Qxe6 31. Bxe6 Kg6 32. Kh2 Kf6 33. Bc8
Ne5 34. Nxe5 1/2-1/2

[Event "4NCL/Div2/GUI3 vs. PPA1"]
[Site "Wokefield Park ENG"]
[Date "2008.03.02"]
[Round "8.5"]
[White "Richardson, Keith B"]
[Black "Borman, Philip J"]
[Result "1/2-1/2"]
[WhiteElo "2217"]
[BlackElo "2214"]
[PlyCount "78"]
[EventDate "2008.03.02"]
[EventType "team"]
[EventRounds "11"]
[EventCountry "ENG"]
[SourceDate "2007.09.15"]

1. c4 Nf6 2. Nf3 g6 3. g3 Bg7 4. Bg2 O-O 5. O-O d6 6. d4 Nc6 7. Nc3 a6 8. b3
Rb8 9. Nd5 b5 10. Nxf6+ exf6 11. cxb5 axb5 {=} 12. d5 Ne7 13. Bb2 Bb7 14. e4 f5
15. Bxg7 Kxg7 16. Nd4 fxe4 17. Bxe4 Qd7 18. Nc2 Nf5 19. Qd3 Rfe8 20. Rfe1 h5
21. Rac1 Nh6 22. Nd4 Re7 23. Bg2 b4 24. Rxe7 Qxe7 25. Qc4 Qe5 26. Qxb4 Re8 27.
Ne6+ Rxe6 28. dxe6 Bxg2 29. Kxg2 Qxe6 30. Qd4+ Kh7 31. Rxc7 Nf5 32. Qd3 h4 33.
a4 h3+ 34. Kf1 Qf6 35. Qc3 Qe6 36. a5 Qd5 37. a6 Qd1+ 38. Qe1 Ne3+ 39. fxe3
Qf3+ 1/2-1/2

[Event "4NCL/Div2/GUI3 vs. PPA1"]
[Site "Wokefield Park ENG"]
[Date "2008.03.02"]
[Round "8.6"]
[White "Rosen, Daniel B"]
[Black "Shepley, Julien M"]
[Result "1/2-1/2"]
[WhiteElo "2124"]
[BlackElo "2123"]
[PlyCount "53"]
[EventDate "2008.03.02"]
[EventType "team"]
[EventRounds "11"]
[EventCountry "ENG"]
[SourceDate "2007.09.15"]

1. e4 d5 2. exd5 Qxd5 3. Nc3 Qd6 4. d4 Nf6 5. Bc4 a6 6. Bb3 Bg4 7. Nge2 Nc6 8.
f3 Bf5 9. Bf4 e5 10. dxe5 Nxe5 11. Qxd6 Bxd6 12. O-O-O Bg6 13. Bg5 Ned7 14. Nf4
Bxf4+ 15. Bxf4 O-O-O 16. Rhe1 Nc5 17. Bc4 Rxd1+ 18. Rxd1 Re8 19. Nd5 Nxd5 20.
Rxd5 Ne6 21. Re5 Kd7 22. Bg3 c6 23. Re1 Nc7 24. Rxe8 Nxe8 25. Kd2 Nd6 26. Be2
f6 27. a3 1/2-1/2

[Event "4NCL/Div2/GUI3 vs. PPA1"]
[Site "Wokefield Park ENG"]
[Date "2008.03.02"]
[Round "8.7"]
[White "Howell, Christopher"]
[Black "Goodger, Martyn"]
[Result "0-1"]
[WhiteElo "2107"]
[BlackElo "2113"]
[PlyCount "124"]
[EventDate "2008.03.02"]
[EventType "team"]
[EventRounds "11"]
[EventCountry "ENG"]
[SourceDate "2007.09.15"]

1. e4 d5 2. exd5 Qxd5 3. Nf3 Bg4 4. Be2 Nc6 5. Nc3 Qa5 6. O-O O-O-O 7. d3 h6 8.
h3 Bh5 9. a3 e6 10. Be3 Bxf3 11. Bxf3 Nd4 12. b4 Qe5 13. Na4 Nf6 14. Re1 Nxf3+
15. Qxf3 Qd5 16. Qe2 Kb8 17. Nb2 g5 18. c4 Qf5 19. g4 Qg6 20. Kg2 Bg7 21. Rad1
h5 22. f3 Nd7 23. d4 f5 24. Qc2 Qf6 25. Qd2 fxg4 26. fxg4 hxg4 27. hxg4 Rh4 28.
Qe2 Rdh8 29. Rh1 Qh6 30. Rxh4 Qxh4 31. Rg1 Qh2+ 32. Kf1 Qxe2+ 33. Kxe2 Rh2+ 34.
Bf2 Rxf2+ 35. Kxf2 Bxd4+ 36. Kg2 Bxg1 37. Kxg1 Ne5 38. Kg2 Nxg4 39. Kf3 Nf6 40.
Nd3 c6 41. Ne5 Kc7 42. Nf7 g4+ 43. Kf4 b5 44. cxb5 cxb5 45. Ke5 g3 46. Ng5 g2
47. Nf3 Nd5 48. Ng1 Kd7 49. Ke4 Nb6 50. Kf3 Nc4 51. Kxg2 Nxa3 52. Nf3 Kd6 53.
Ne1 Kd5 54. Nd3 Kc4 55. Nc5 Kxb4 56. Nxe6 Kc3 57. Kf3 b4 58. Ke4 b3 59. Nc5 b2
60. Na4+ Kc2 61. Nxb2 Kxb2 62. Kd4 Kb3 0-1

[Event "4NCL/Div2/GUI3 vs. PPA1"]
[Site "Wokefield Park ENG"]
[Date "2008.03.02"]
[Round "8.8"]
[White "Mountford, Corinne"]
[Black "Hunt, Daniel"]
[Result "0-1"]
[WhiteElo "1615"]
[BlackElo "1872"]
[PlyCount "72"]
[EventDate "2008.03.02"]
[EventType "team"]
[EventRounds "11"]
[EventCountry "ENG"]
[SourceDate "2007.09.15"]

1. d4 Nf6 2. Bf4 g6 3. e3 Bg7 4. Nf3 O-O 5. Be2 d5 6. O-O c5 7. c3 Nc6 8. Nbd2
h6 9. h3 Qb6 10. Qc1 cxd4 11. exd4 Nd7 12. Nb3 Kh7 13. Nh2 f5 14. g4 e5 15.
dxe5 Ndxe5 16. gxf5 Bxf5 17. Be3 Qd8 18. Ng4 Bxg4 19. hxg4 Qh4 20. f3 Qg3+ 21.
Kh1 Nxf3 22. Rxf3 Rxf3 23. Bxf3 Qxf3+ 24. Kg1 Qxg4+ 25. Kf1 Rf8+ 26. Ke1 Ne5
27. Nc5 Qg3+ 28. Ke2 Qf3+ 29. Kd2 Nc4+ 30. Kc2 Nxe3+ 31. Kb3 d4 32. Ne6 Qd5+
33. Ka3 Qxe6 34. cxd4 Bxd4 35. Qc7+ Rf7 36. Qa5 Nc4+ 0-1

[Event "4NCL/Div2/KHE vs. OXF1"]
[Site "Wokefield Park ENG"]
[Date "2008.03.02"]
[Round "8.1"]
[White "Whiteley, Andrew"]
[Black "Savage, Ben D"]
[Result "1/2-1/2"]
[WhiteElo "2265"]
[BlackElo "2305"]
[PlyCount "20"]
[EventDate "2008.03.02"]
[EventType "team"]
[EventRounds "11"]
[EventCountry "ENG"]
[SourceDate "2007.09.15"]

1. d4 d5 2. c4 dxc4 3. Nf3 a6 4. e3 Nf6 5. Bxc4 e6 6. O-O c5 7. Nc3 b5 8. Bb3
Bb7 9. Qe2 Be7 10. dxc5 Nbd7 1/2-1/2

[Event "4NCL/Div2/KHE vs. OXF1"]
[Site "Wokefield Park ENG"]
[Date "2008.03.02"]
[Round "8.2"]
[White "Ozeren, Kemal"]
[Black "Kwiatkowski, Feliks J"]
[Result "1-0"]
[WhiteElo "2261"]
[BlackElo "2233"]
[PlyCount "83"]
[EventDate "2008.03.02"]
[EventType "team"]
[EventRounds "11"]
[EventCountry "ENG"]
[SourceDate "2007.09.15"]

1. d4 Nf6 2. Nf3 e6 3. e3 b6 4. Bd3 Bb7 5. O-O c5 6. c4 Be7 7. Nc3 cxd4 8. exd4
d5 9. cxd5 Nxd5 10. Ne5 O-O 11. Qh5 Nf6 12. Qh4 Ne4 13. Qh3 Qxd4 14. Nxf7 Rxf7
15. Bxe4 Bxe4 16. Qg4 Nc6 17. Qxe4 Qxe4 18. Nxe4 Rd8 19. Be3 Bf6 20. Rac1 Nb4
21. Rc4 Nd5 22. b3 Nxe3 23. fxe3 Be5 24. Rxf7 Kxf7 25. Rc1 Ke7 26. Kf2 Rd7 27.
h3 Rc7 28. Rxc7+ Bxc7 29. Ke2 a6 30. Kd3 Be5 31. Kc4 Bb2 32. Kd3 Kd7 33. a4 h6
34. Nf2 Kc6 35. Ke4 b5 36. Nd3 bxa4 37. Nxb2 a3 38. Nd3 a5 39. Nc1 Kb5 40. Kd3
a4 41. bxa4+ Kxa4 42. Kc4 1-0

[Event "4NCL/Div2/KHE vs. OXF1"]
[Site "Wokefield Park ENG"]
[Date "2008.03.02"]
[Round "8.3"]
[White "Okike, David C"]
[Black "Smallbone, Kieran"]
[Result "1/2-1/2"]
[WhiteElo "2189"]
[BlackElo "2316"]
[PlyCount "34"]
[EventDate "2008.03.02"]
[EventType "team"]
[EventRounds "11"]
[EventCountry "ENG"]
[SourceDate "2007.09.15"]

1. e4 c6 2. d4 d5 3. Nc3 dxe4 4. Nxe4 Bf5 5. Ng3 Bg6 6. Nf3 Nd7 7. h4 h6 8. Bd3
Bxd3 9. Qxd3 e6 10. Bd2 Ngf6 11. Ne4 Be7 12. O-O-O Nxe4 13. Qxe4 Nf6 14. Qe2
Qd5 15. Kb1 Qe4 16. Rhe1 Qxe2 17. Rxe2 Rd8 1/2-1/2

[Event "4NCL/Div2/KHE vs. OXF1"]
[Site "Wokefield Park ENG"]
[Date "2008.03.02"]
[Round "8.5"]
[White "Ward, Julian T"]
[Black "Eckersley-Waites, Tom"]
[Result "1-0"]
[WhiteElo "2145"]
[BlackElo "2230"]
[PlyCount "61"]
[EventDate "2008.03.02"]
[EventType "team"]
[EventRounds "11"]
[EventCountry "ENG"]
[SourceDate "2007.09.15"]

1. Nf3 d5 2. c4 dxc4 3. Na3 e6 4. Nxc4 b5 5. Ne3 Bb7 6. g3 Nf6 7. Bg2 Be7 8. a4
b4 9. b3 O-O 10. O-O a5 11. Bb2 Nbd7 12. Rc1 Ra6 13. Qc2 Bd6 14. Rfd1 Qa8 15.
Nd4 Bxg2 16. Nxg2 Ne4 17. Nb5 Ng5 18. d4 f5 19. f3 f4 20. Nxc7 Bxc7 21. Qxc7
Nh3+ 22. Kf1 Nf6 23. d5 exd5 24. gxf4 Re6 25. f5 Ne8 26. Qg3 Rh6 27. Rc7 Rf7
28. Rxf7 Kxf7 29. Qe5 Rd6 30. f6 Kg8 31. Qh5 1-0

[Event "4NCL/Div2/KHE vs. OXF1"]
[Site "Wokefield Park ENG"]
[Date "2008.03.02"]
[Round "8.6"]
[White "Coleman, James"]
[Black "Mackenzie, Colin"]
[Result "1/2-1/2"]
[WhiteElo "2147"]
[BlackElo "2124"]
[PlyCount "112"]
[EventDate "2008.03.02"]
[EventType "team"]
[EventRounds "11"]
[EventCountry "ENG"]
[SourceDate "2007.09.15"]

1. d4 e6 2. c4 Nf6 3. g3 d5 4. Nf3 Be7 5. Bg2 O-O 6. O-O c6 7. Qc2 b5 8. c5 a5
9. Nbd2 Nbd7 10. e4 dxe4 11. Nxe4 Nd5 12. Bg5 h6 13. Bxe7 Qxe7 14. Rfe1 Ba6 {=}
15. Nd6 Qf6 16. Ne5 Nxe5 17. Rxe5 Qd8 18. Rae1 a4 19. Bxd5 cxd5 20. f4 Qa5 21.
f5 exf5 22. Qxf5 Bc8 23. Qd3 Be6 24. R1e2 b4 25. Rf2 Qd8 26. Qd2 b3 27. a3 Ra6
28. Qe2 Ra7 29. Re3 Qd7 30. Rc3 Bg4 31. Qe5 Qe7 32. Re3 Be6 33. Nxf7 Rxf7 34.
Qxe6 Qxe6 35. Rxe6 Rae7 36. Rxe7 Rxe7 37. Kf1 Re3 38. Rf5 Rc3 39. Rxd5 Rc1+ 40.
Ke2 Rc2+ 41. Kd3 Kf7 42. Rd7+ Ke6 43. Rd6+ Ke7 44. Ra6 Rxb2 45. Rxa4 Rxh2 46.
Ke4 Rg2 47. Ra7+ Kf6 48. Ra6+ Ke7 49. Ke5 Rxg3 50. Ra7+ Kd8 51. d5 Rg5+ 52. Kd4
Rg4+ 53. Kc3 Rg3+ 54. Kc4 b2 55. Rb7 Rg4+ 56. Kc3 Rg5 1/2-1/2

[Event "4NCL/Div2/KHE vs. OXF1"]
[Site "Wokefield Park ENG"]
[Date "2008.03.02"]
[Round "8.7"]
[White "Thomas, Richard H"]
[Black "Dickinson, Timothy R"]
[Result "1/2-1/2"]
[WhiteElo "2176"]
[BlackElo "2166"]
[PlyCount "96"]
[EventDate "2008.03.02"]
[EventType "team"]
[EventRounds "11"]
[EventCountry "ENG"]
[SourceDate "2007.09.15"]

1. d4 Nf6 2. c4 e6 3. g3 d5 4. Bg2 c6 5. Nf3 Be7 6. O-O O-O 7. Qc2 Ne4 8. Nc3
f5 9. Ne5 Nd7 10. Bf4 g5 11. Nxd7 Bxd7 12. Be5 Be8 13. f3 Nd6 14. cxd5 exd5 15.
b3 Bg6 16. Qd2 Qa5 17. Ne4 Qxd2 18. Nxd2 f4 19. Bh3 Bf5 20. Bxf5 Nxf5 21. Rf2
Bf6 22. gxf4 gxf4 23. Rg2+ Kf7 24. Rg4 Rg8 25. Bxf6 Kxf6 26. Kf2 Rxg4 27. fxg4
Nxd4 28. Nf3 Nxf3 29. Kxf3 Re8 30. Kxf4 Rxe2 31. h4 h6 32. a3 Re4+ 33. Kf3 h5
34. g5+ Kf5 35. Kg3 Re3+ 36. Kh2 Rxb3 37. Rf1+ Kg6 38. Rf6+ Kg7 39. Rh6 c5 40.
Rxh5 c4 41. g6 Kxg6 42. Rxd5 Rb6 43. Kg2 c3 44. Rd1 Ra6 45. Ra1 b5 46. Kf2 b4
47. Rg1+ Kh5 48. axb4 Rb6 1/2-1/2

[Event "4NCL/Div2/KHE vs. OXF1"]
[Site "Wokefield Park ENG"]
[Date "2008.03.02"]
[Round "8.8"]
[White "Vikanis, Georgs"]
[Black "Haria, Ravi"]
[Result "1/2-1/2"]
[WhiteElo "1950"]
[BlackElo "1585"]
[PlyCount "104"]
[EventDate "2008.03.02"]
[EventType "team"]
[EventRounds "11"]
[EventCountry "ENG"]
[SourceDate "2007.09.15"]

1. Nf3 d5 2. c4 c6 3. e3 Nf6 4. Nc3 e6 5. cxd5 exd5 6. d4 Bd6 7. Bd3 O-O 8. Qc2
Re8 9. Bd2 Bd7 10. h3 Qe7 11. O-O-O b5 12. g4 a5 13. Nh4 Ne4 14. Bxe4 dxe4 15.
Nf5 Bxf5 16. gxf5 b4 17. f6 Qe6 18. d5 cxd5 19. Nxd5 Rc8 20. Bc3 bxc3 21. Nxc3
g6 22. Qd2 Ra6 23. a3 Rac6 24. Kb1 h6 25. Nb5 Bc5 26. Qxa5 Bb6 27. Qb4 Na6 28.
Qe7 Qxe7 29. fxe7 Re8 30. Rd7 Re6 31. Nd6 R8xe7 32. Rxe7 Rxe7 33. Rc1 Rc7 34.
Rxc7 Bxc7 35. Nxe4 f5 36. Nd2 Bh2 37. Nf3 Bd6 38. b4 Nxb4 39. axb4 Bxb4 40. Kc2
Kg7 41. Kd3 Kf6 42. e4 fxe4+ 43. Kxe4 Bc5 44. Ne5 Bd6 45. Ng4+ Kg5 46. f4+ Bxf4
47. Nxh6 Kxh6 48. Kxf4 Kh5 49. Kg3 Kg5 50. h4+ Kh5 51. Kh3 g5 52. hxg5 Kxg5
1/2-1/2